[Event "PRO League Group Stage"]
[Site "chess.com INT"]
[Date "2020.02.17"]
[Round "7"]
[White "Sadhwani, Raunak"]
[Black "Nihal, Sarin"]
[Result "1-0"]
[WhiteTitle "IM"]
[BlackTitle "GM"]
[WhiteElo "2522"]
[BlackElo "2618"]
[WhiteTeam "Armenia Eagles"]
[BlackTeam "India Yogis"]
[WhiteFideId "35093487"]
[BlackFideId "25092340"]
[EventDate "2020.01.06"]

1. c4 Nf6 2. Nc3 e5 3. g3 Bb4 4. e4 O-O 5. Nge2 b5 6. Nxb5 Bb7 7. f3 c6 8. Nbc3
d5 9. d3 Na6 10. a3 Be7 11. b4 Nc7 12. Rb1 Ne6 13. Bh3 a5 14. O-O axb4 15. axb4
Qc7 16. Bxe6 fxe6 17. Bg5 Rfd8 18. Qb3 h6 19. Bxf6 Bxf6 20. Rfc1 Bg5 21. Rd1 Qf7
22. Kg2 Be3 23. Na4 Rf8 24. Rf1 Rad8 25. Nc5 Bc8 26. Rbd1 Kh8 27. Qc3 Qh5 28.
Nb3 d4 29. Qe1 Rf6 30. Nd2 Rdf8 31. Ng1 Bd7 32. c5 Rb8 33. Nc4 Bxg1 34. Kxg1
Rbf8 35. Qe2 Rxf3 36. Rxf3 Rxf3 37. Re1 Be8 38. Nd2 Rf8 39. Qxh5 Bxh5 40. Nc4
Rb8 41. Rb1 Be8 42. Nxe5 Kh7 43. Nf3 Rd8 44. Kf2 Kg6 45. Ra1 Kf6 46. Ra7 Rb8 47.
e5+ Kf5 48. b5 cxb5 49. Rxg7 b4 50. g4+ Kf4 51. Rg8 b3 52. h3 Rb7 53. Rxe8 Rf7
54. Rb8 h5 55. gxh5 Ra7 56. Ke2 Ra2+ 57. Nd2 b2 58. h6 1-0

[Event "PRO League Group Stage"]
[Site "chess.com INT"]
[Date "2020.02.17"]
[Round "7"]
[White "Erenburg, Sergey"]
[Black "Chadaev, Nikolai"]
[Result "0-1"]
[WhiteTitle "GM"]
[BlackTitle "GM"]
[WhiteElo "2559"]
[BlackElo "2591"]
[WhiteTeam "Israel Counsellors"]
[BlackTeam "Russia Wizards"]
[WhiteFideId "2805642"]
[BlackFideId "4167392"]
[EventDate "2020.01.06"]

1. e4 e5 2. Nf3 Nc6 3. Bb5 a6 4. Ba4 Nf6 5. O-O Be7 6. d3 b5 7. Bb3 O-O 8. a4 b4
9. a5 d6 10. Nbd2 h6 11. h3 Rb8 12. Nc4 Be6 13. Be3 Qc8 14. Nfd2 d5 15. Ba4 dxc4
16. Bxc6 cxd3 17. cxd3 Rd8 18. Ba7 Rb7 19. Bxb7 Qxb7 20. Be3 Rxd3 21. Qc2 Rd8
22. Rfc1 c5 23. f3 Qb5 24. b3 Rd3 25. Nc4 Rc3 26. Qb1 Rxc4 27. bxc4 Bxc4 28. Qb2
Nd7 29. Rd1 Be6 30. Qc2 c4 31. Qa4 Qb7 32. Rab1 Kh7 33. Qc2 Nc5 34. Bxc5 Bxc5+
35. Kh1 Qb5 36. Rd5 Bxd5 37. exd5+ g6 38. Rc1 b3 39. Qe4 b2 40. Rb1 c3 41. Qc2
Qxa5 42. Rd1 Bd6 43. Qb3 Qb4 44. Qc2 a5 45. h4 Kg7 46. h5 Qh4+ 47. Kg1 Bc5+ 48.
Kf1 Qc4+ 49. Ke1 a4 50. d6 Qb3 51. Qxb3 axb3 52. d7 Be7 0-1

[Event "PRO League Group Stage"]
[Site "chess.com INT"]
[Date "2020.02.17"]
[Round "7"]
[White "Demidov, Mikhail"]
[Black "Kobo, Ori"]
[Result "1-0"]
[WhiteTitle "IM"]
[BlackTitle "GM"]
[WhiteElo "2552"]
[BlackElo "2445"]
[WhiteTeam "Russia Wizards"]
[BlackTeam "Israel Counsellors"]
[WhiteFideId "4197143"]
[BlackFideId "2812320"]
[EventDate "2020.01.06"]

1. Nf3 Nf6 2. g3 b5 3. Bg2 Bb7 4. Na3 b4 5. Nc4 c5 6. a3 a5 7. b3 e6 8. Bb2 d5
9. Nce5 Nbd7 10. Nxd7 Qxd7 11. axb4 cxb4 12. Ra2 Be7 13. Qa1 O-O 14. O-O Rfc8
15. Rc1 Qd8 16. h3 Bf8 17. d3 Ne8 18. Nd2 Nd6 19. c3 bxc3 20. Rxc3 Qb6 21. Rxc8
Rxc8 22. Bd4 Qb4 23. Nf3 Nf5 24. Be5 f6 25. Bf4 Qb6 26. g4 Nd6 27. Be3 Qd8 28.
Rxa5 e5 29. b4 d4 30. Qa2+ Kh8 31. Bd2 e4 32. Nxd4 exd3 33. Bxb7 Nxb7 34. Rd5
Qe8 35. exd3 Ra8 36. Qb3 Nd6 37. Ra5 Rc8 38. Qe6 Qd8 39. Qd5 Qb6 40. Ra8 Rb8 41.
Rxb8 Qxb8 42. b5 h6 43. Bf4 Qb6 44. Qa8 Kg8 45. Ne6 1-0

[Event "PRO League Group Stage"]
[Site "chess.com INT"]
[Date "2020.02.17"]
[Round "7"]
[White "Anisimov, Pavel2"]
[Black "Steinberg, Nitzan"]
[Result "1/2-1/2"]
[WhiteTitle "GM"]
[BlackTitle "GM"]
[WhiteElo "2527"]
[BlackElo "2542"]
[WhiteTeam "Russia Wizards"]
[BlackTeam "Israel Counsellors"]
[WhiteFideId "4135229"]
[BlackFideId "2801795"]
[EventDate "2020.01.06"]

1. d4 d5 2. Nf3 Nf6 3. Bf4 e6 4. e3 Bd6 5. Bg3 O-O 6. Nbd2 c5 7. c3 Qc7 8. dxc5
Qxc5 9. Bd3 Nbd7 10. Qe2 e5 11. e4 dxe4 12. Bxe4 Re8 13. Rd1 Bc7 14. Nb3 Qf8 15.
Bf5 g6 16. Bh3 e4 17. Nfd4 Ne5 18. Bxc8 Nd3+ 19. Kf1 Raxc8 20. Bxc7 Rxc7 21. g3
Nd5 22. Nc1 Nxc1 23. Rxc1 f5 24. Qb5 Qf7 25. Rd1 e3 26. Ne2 Nf6 27. f3 Ng4 28.
Rd4 Re5 29. Qa4 Nf2 30. Rg1 b5 31. Qa5 Kg7 32. Kg2 Rce7 33. Qb4 g5 34. h4 h6 35.
a4 a6 36. Ra1 Rb7 37. Qd6 Re6 38. Qd8 Re8 39. Qd6 Re6 40. Qd8 Re8 41. Qd6 Re6 1/2-1/2

[Event "PRO League Group Stage"]
[Site "chess.com INT"]
[Date "2020.02.17"]
[Round "7"]
[White "Can, Emre"]
[Black "Gledura, Benjamin"]
[Result "0-1"]
[WhiteTitle "GM"]
[BlackTitle "GM"]
[WhiteElo "2600"]
[BlackElo "2626"]
[WhiteTeam "Turkey Knights"]
[BlackTeam "Hungary Hunters"]
[WhiteFideId "6302181"]
[BlackFideId "712779"]
[EventDate "2020.01.06"]

1. e4 e5 2. Nf3 Nc6 3. Bc4 d6 4. O-O Bg4 5. h3 Bh5 6. c3 Nf6 7. Re1 Be7 8. d3
O-O 9. Nbd2 Na5 10. Bb5 c5 11. Nf1 a6 12. Ba4 b5 13. Bc2 Nc6 14. Ng3 Bg6 15. Nh4
d5 16. Nxg6 hxg6 17. exd5 Nxd5 18. a4 b4 19. Qf3 Qd7 20. Bd2 Rab8 21. a5 bxc3
22. bxc3 Rb2 23. Rec1 Rfb8 24. Nf1 Qe6 25. Ne3 Bg5 26. Be1 Nxe3 27. fxe3 e4 28.
dxe4 Ne5 29. Qg3 Be7 30. Qf4 Bd6 31. Qf1 Bc7 32. Bg3 R8b5 33. Bd1 Nc4 34. Bxc7
Nxe3 35. Qf3 Rxg2+ 36. Kh1 Qc4 37. Ba4 Rbb2 38. Qxe3 Qe6 39. Re1 Qc8 40. Bd6 Qe6
41. Rad1 Qa2 42. Qf4 Qxa4 43. Rf1 Qd7 44. Qf3 Qe6 45. Bf4 f6 46. Qd3 c4 47. Qd5
Qxd5 48. exd5 g5 49. Bc7 Kf7 50. Rfe1 f5 51. Rg1 Rgf2 52. Rdf1 Rxf1 53. Rxf1 f4
54. Be5 Rd2 55. Bd4 Ke7 56. Rf2 Rd3 57. Kg2 Kd6 58. Rb2 Kxd5 59. Bxg7 Ke4 60.
Re2+ Kf5 61. Bd4 f3+ 62. Kf2 fxe2 63. Kxe2 Rxh3 0-1

[Event "PRO League Group Stage"]
[Site "chess.com INT"]
[Date "2020.02.17"]
[Round "7"]
[White "Yilmaz, Mustafa"]
[Black "Banusz, Tamas"]
[Result "1-0"]
[WhiteTitle "GM"]
[BlackTitle "GM"]
[WhiteElo "2607"]
[BlackElo "2620"]
[WhiteTeam "Turkey Knights"]
[BlackTeam "Hungary Hunters"]
[WhiteFideId "6302718"]
[BlackFideId "722413"]
[EventDate "2020.01.06"]

1. f4 d5 2. Nf3 Nf6 3. g3 g6 4. Bg2 Bg7 5. O-O O-O 6. d3 c5 7. c3 Nc6 8. a4 Re8
9. Na3 b6 10. Qc2 Bb7 11. e4 dxe4 12. dxe4 e5 13. Nc4 exf4 14. e5 Ng4 15. gxf4
Bf8 16. Ng5 Qc7 17. Bf3 Ba6 18. b3 Bxc4 19. bxc4 Nh6 20. Qg2 Rac8 21. Bd5 Be7
22. Nxf7 Nxf7 23. f5 g5 24. f6 Nxe5 25. fxe7 Kg7 26. Bxg5 Nxg5 27. Qxg5+ Ng6 28.
Rf7+ 1-0

[Event "PRO League Group Stage"]
[Site "chess.com INT"]
[Date "2020.02.17"]
[Round "7"]
[White "Erdos, Viktor"]
[Black "Gokerkan, Cem Kaan"]
[Result "1/2-1/2"]
[WhiteTitle "GM"]
[BlackTitle "IM"]
[WhiteElo "2621"]
[BlackElo "2458"]
[WhiteTeam "Hungary Hunters"]
[BlackTeam "Turkey Knights"]
[WhiteFideId "719978"]
[BlackFideId "6336760"]
[EventDate "2020.01.06"]

1. Nf3 Nf6 2. c4 g6 3. Nc3 Bg7 4. e4 O-O 5. d4 d6 6. Be2 e5 7. O-O Nc6 8. d5 Ne7
9. Bg5 h6 10. Bxf6 Bxf6 11. b4 a5 12. a3 Bg7 13. c5 f5 14. Bd3 axb4 15. axb4
Rxa1 16. Qxa1 c6 17. dxc6 Nxc6 18. Rd1 Nd4 19. Nxd4 exd4 20. Nd5 dxc5 21. bxc5
fxe4 22. Bxe4 Bf5 23. Qb1 Qh4 24. f3 Bxe4 25. Qxe4 Qxe4 26. fxe4 Re8 27. Nf4
Rxe4 28. g3 g5 29. Nd3 Re3 30. Kf2 Kf7 31. Ne1 Rc3 32. Rb1 Rxc5 33. Rxb7+ Kg6
34. h4 gxh4 35. gxh4 Bf6 36. Nf3 Rc2+ 37. Kg3 Kf5 38. Rf7 Rc3 39. Kf2 Ke6 40.
Rh7 Rc2+ 41. Kg3 d3 42. Rxh6 d2 43. Nxd2 Rxd2 44. Rh7 Kf5 45. Rf7 Rd3+ 46. Kf2
Kg6 47. Rf8 Bxh4+ 48. Ke2 Ra3 49. Rf3 Ra4 50. Rf8 Bf6 51. Rh8 Kf5 52. Rf8 Ra6
53. Rf7 Ke4 54. Rd7 Bg5 55. Rc7 Ra2+ 56. Kd1 Be3 57. Rc2 Ra1+ 58. Ke2 Rh1 59.
Rc4+ Bd4 60. Rc2 Ra1 61. Kd2 Ra3 62. Ke2 Bc3 63. Kf2 Kd3 64. Re2 Bd4+ 65. Kf3
Ra8 66. Re7 Rf8+ 67. Kg3 Kc4 68. Rd7 Rf1 69. Kg4 Kd3 70. Rb7 Ke4 71. Rb4 Rg1+
72. Kh4 Rg8 73. Ra4 Ke3 74. Kh5 Be5 75. Rg4 Rh8+ 76. Kg6 Kf3 77. Ra4 Bf4 78. Kf7
Rh6 79. Rb4 Kg4 80. Rb1 Kf5 81. Rf1 Rh7+ 82. Kf8 Ra7 83. Rf2 Rd7 84. Rf1 Rd4 85.
Kf7 Rd7+ 86. Kf8 Rb7 87. Rf2 Ke5 88. Rf1 Bg5 89. Rf7 Rb8+ 90. Kg7 Ke6 91. Rf1
Rb7+ 92. Kg6 Bh4 93. Rf4 Bg3 94. Rf6+ Kd5 95. Rf5+ Be5 96. Rf7 Rb1 97. Rf3 Ke6 1/2-1/2

[Event "PRO League Group Stage"]
[Site "chess.com INT"]
[Date "2020.02.17"]
[Round "7"]
[White "Markus, Robert"]
[Black "Dastan, Muhammed Batuhan"]
[Result "1/2-1/2"]
[WhiteTitle "GM"]
[BlackTitle "GM"]
[WhiteElo "2599"]
[BlackElo "2572"]
[WhiteTeam "Hungary Hunters"]
[BlackTeam "Turkey Knights"]
[WhiteFideId "921637"]
[BlackFideId "6300014"]
[EventDate "2020.01.06"]

1. Nf3 d5 2. g3 g6 3. Bg2 Bg7 4. O-O e5 5. d3 Nc6 6. e4 dxe4 7. dxe4 Qxd1 8.
Rxd1 Bg4 9. c3 Nf6 10. h3 Be6 11. Ng5 Bd7 12. Nd2 h6 13. Ngf3 O-O-O 14. Re1 Be6
15. Bf1 Nd7 16. Bc4 Rhe8 17. Bxe6 Rxe6 18. Nc4 Nc5 19. a4 Nb3 20. Ra3 Nca5 21.
Nxa5 Nxa5 22. Nd2 Rxd2 23. Bxd2 Nc4 24. Bc1 Nxa3 25. bxa3 Ra6 26. f3 Rxa4 27.
Kf1 Bf8 28. Bb2 b5 29. Ra1 Kd7 30. Ke2 Ke6 31. Kd3 f5 32. g4 Be7 33. Ra2 h5 34.
Ra1 Kf6 35. exf5 gxf5 36. gxh5 Rh4 37. Rh1 c5 38. Ke2 c4 39. Bc1 Rxh5 40. Kf2
Ke6 41. Kg2 e4 42. Re1 Ke5 43. Be3 Bxa3 44. Bxa7 Rg5+ 45. Kf1 Rg3 46. Bd4+ Kf4
47. fxe4 fxe4 48. Re2 Rxh3 49. Ra2 b4 50. cxb4 Bxb4 51. Ra4 Rb3 52. Ra8 e3 53.
Ke2 Ke4 54. Bg7 Bc5 55. Re8+ Kd5 56. Rd8+ Kc6 57. Rc8+ Kd5 58. Rd8+ Ke4 59. Re8+
Kd5 60. Rd8+ 1/2-1/2

[Event "PRO League Group Stage"]
[Site "chess.com INT"]
[Date "2020.02.17"]
[Round "7"]
[White "Nestorovic, Nikola"]
[Black "Ding, Liren"]
[Result "0-1"]
[WhiteTitle "GM"]
[BlackTitle "GM"]
[WhiteElo "2466"]
[BlackElo "2805"]
[WhiteTeam "Croatia Bulldogs"]
[BlackTeam "China Pandas"]
[WhiteFideId "934526"]
[BlackFideId "8603677"]
[EventDate "2020.01.06"]

1. e4 c6 2. d4 d5 3. e5 c5 4. dxc5 e6 5. a3 Bxc5 6. Nf3 Ne7 7. b4 Bb6 8. Bd3 a5
9. b5 a4 10. O-O Nd7 11. Bb2 Nc5 12. Bd4 Bd7 13. Nc3 h6 14. Ne2 O-O 15. Rb1 Rc8
16. Qd2 Ng6 17. g3 Ne4 18. Qe3 Bxd4 19. Qxd4 Qe7 20. c4 Rfd8 21. Rb4 Nc5 22.
Bxg6 fxg6 23. cxd5 exd5 24. Nf4 g5 25. Nd3 b6 26. Re1 Bf5 27. Nb2 Be4 28. Nd2
Bg6 29. Re3 Ne6 30. Qxb6 Rc1+ 31. Kg2 d4 32. Re2 Rc2 33. Nbc4 Bd3 34. Re1 Bxc4
35. Nxc4 Rf8 36. Rf1 Qf7 37. Qxd4 Nxd4 0-1

[Event "PRO League Group Stage"]
[Site "chess.com INT"]
[Date "2020.02.17"]
[Round "7"]
[White "Bai, Jinshi"]
[Black "Tica, Sven"]
[Result "1-0"]
[WhiteTitle "GM"]
[BlackTitle "IM"]
[WhiteElo "2618"]
[BlackElo "2398"]
[WhiteTeam "China Pandas"]
[BlackTeam "Croatia Bulldogs"]
[WhiteFideId "8602280"]
[BlackFideId "14526948"]
[EventDate "2020.01.06"]

1. d4 d5 2. c4 e6 3. Nf3 Nf6 4. Nc3 Nbd7 5. cxd5 exd5 6. Bg5 c6 7. Qc2 Bd6 8. e3
Nf8 9. Bd3 Ng6 10. O-O-O h6 11. Bxf6 Qxf6 12. e4 dxe4 13. Nxe4 Qf4+ 14. Nfd2 Be7
15. g3 Qg4 16. h4 Qh5 17. f3 O-O 18. Rde1 Be6 19. Nc3 Nxh4 20. gxh4 Bxh4 21. Re5
g5 22. Rxe6 1-0

[Event "PRO League Group Stage"]
[Site "chess.com INT"]
[Date "2020.02.17"]
[Round "7"]
[White "Wen, Yang"]
[Black "Plenca, Jadranko"]
[Result "1-0"]
[WhiteTitle "GM"]
[BlackTitle "IM"]
[WhiteElo "2594"]
[BlackElo "2463"]
[WhiteTeam "China Pandas"]
[BlackTeam "Croatia Bulldogs"]
[WhiteFideId "8602956"]
[BlackFideId "14527146"]
[EventDate "2020.01.06"]

1. e4 e5 2. Nf3 Nc6 3. Nc3 Nf6 4. Bb5 Bd6 5. d3 h6 6. a3 a6 7. Bc4 Bc5 8. Be3 d6
9. O-O Bg4 10. Nd5 Nxd5 11. Bxd5 Bxe3 12. fxe3 O-O 13. Qe1 Be6 14. Bxe6 fxe6 15.
Qg3 Qd7 16. Rf2 Rf7 17. Raf1 Raf8 18. Qg4 b5 19. Qh5 Rf6 20. g4 Qf7 21. Qh3 Qg6
22. Qg3 d5 23. exd5 exd5 24. Nh4 Qg5 25. Nf5 h5 26. h4 Qxg4 27. Nh6+ Rxh6 28.
Rxf8+ Kh7 29. Qxg4 hxg4 30. R1f7 e4 31. d4 Na5 32. b3 Rc6 33. Rd7 Rxc2 34. Rff7
Nxb3 35. Rxg7+ Kh6 36. Rh7+ Kg6 37. Rdg7+ Kf6 38. h5 1-0

[Event "PRO League Group Stage"]
[Site "chess.com INT"]
[Date "2020.02.17"]
[Round "7"]
[White "Movsesian, Sergei"]
[Black "Savchenko, Boris"]
[Result "1-0"]
[WhiteTitle "GM"]
[BlackTitle "GM"]
[WhiteElo "2641"]
[BlackElo "2573"]
[WhiteTeam "Israel Counsellors"]
[BlackTeam "Russia Wizards"]
[WhiteFideId "310204"]
[BlackFideId "4147332"]
[EventDate "2020.01.06"]

1. Nf3 g6 2. g3 Bg7 3. Bg2 e5 4. O-O f5 5. d3 d6 6. c4 Ne7 7. Qb3 c5 8. Nc3 Nbc6
9. Nd5 h6 10. e4 fxe4 11. dxe4 O-O 12. Be3 g5 13. Ne1 Rb8 14. Nd3 Be6 15. Rad1
a6 16. Nxc5 dxc5 17. Bxc5 Qe8 18. Nc7 Qf7 19. Nxe6 Qxe6 20. Rd6 Qf7 21. Bh3 Kh8
22. Rd7 b6 23. Bd6 Rbd8 24. Qxb6 Rxd7 25. Bxd7 Nd4 26. Bg4 Nc8 27. Qxa6 Nxd6 28.
Qxd6 Qxc4 29. Qd5 Qc2 30. b4 Qa4 31. Qc4 Ra8 32. Rb1 Bf8 33. Kg2 Qxa2 34. Qxa2
Rxa2 35. b5 Bd6 36. b6 Kg7 37. b7 Bb8 38. Rb6 Nc2 39. Rb3 Ra3 40. Rb2 Ne1+ 41.
Kf1 Nd3 42. Rb6 Ra7 43. Bf5 Nc5 44. Rg6+ Kf7 45. Rxh6 Rxb7 46. Rh7+ Kg8 47. Rh5
Rg7 48. Ke2 Ba7 49. h3 Kf7 50. Rh6 Ke7 51. Rc6 Kd8 52. Kf3 Rc7 53. Rd6+ Ke7 54.
Rd5 Kf6 55. Kg4 Rc6 56. Rd8 Nb3 57. Rg8 Bxf2 58. Rg6+ Ke7 59. Rxc6 Nd4 60. Ra6
Be3 61. h4 gxh4 62. gxh4 Kf7 63. h5 Kg7 64. Rg6+ Kh8 65. h6 Kh7 66. Kh5 Kh8 67.
Rd6 1-0

[Event "PRO League Group Stage"]
[Site "chess.com INT"]
[Date "2020.02.17"]
[Round "7"]
[White "Maghsoodloo, Parham"]
[Black "Mamedyarov, Shakhriyar"]
[Result "1/2-1/2"]
[WhiteTitle "GM"]
[BlackTitle "GM"]
[WhiteElo "2674"]
[BlackElo "2770"]
[WhiteTeam "Armenia Eagles"]
[BlackTeam "India Yogis"]
[WhiteFideId "12539929"]
[BlackFideId "13401319"]
[EventDate "2020.01.06"]

1. e4 c6 2. d4 d5 3. e5 Bf5 4. Nc3 e6 5. g4 Bg6 6. Nge2 c5 7. h4 h5 8. Nf4 Bh7
9. g5 cxd4 10. Nb5 Be4 11. f3 Bf5 12. Nxd4 Ne7 13. Nxf5 Nxf5 14. Bd3 g6 15. Bxf5
gxf5 16. Qe2 Nc6 17. Bd2 Qc7 18. O-O-O O-O-O 19. g6 Bh6 20. gxf7 Qxf7 21. Nd3
Bxd2+ 22. Qxd2 Kb8 23. Rhg1 Rc8 24. Kb1 Rc7 25. Rg2 Qe7 26. Qg5 Qd7 27. Qf6 Re8
28. Nf4 Nb4 29. a3 Nxc2 30. Nxd5 Nxa3+ 31. bxa3 exd5 32. Qd6 Qxd6 33. exd6 Rc5
34. Rgd2 Rb5+ 35. Ka2 Kc8 36. Rxd5 Re2+ 37. Ka1 Rxd5 38. Rxd5 f4 39. Rxh5 Re3
40. Rh7 Rxf3 41. h5 Rh3 42. Rc7+ Kd8 43. Rxb7 Rxa3+ 44. Kb2 Rh3 45. Rxa7 Rxh5
46. Rf7 Rd5 47. Rxf4 Rxd6 1/2-1/2

[Event "PRO League Group Stage"]
[Site "chess.com INT"]
[Date "2020.02.17"]
[Round "7"]
[White "Martirosyan, Haik M."]
[Black "Ganguly, Surya Shekhar"]
[Result "1-0"]
[WhiteTitle "GM"]
[BlackTitle "GM"]
[WhiteElo "2613"]
[BlackElo "2636"]
[WhiteTeam "Armenia Eagles"]
[BlackTeam "India Yogis"]
[WhiteFideId "13306553"]
[BlackFideId "5002150"]
[EventDate "2020.01.06"]

1. d4 Nf6 2. Nf3 d5 3. c4 e6 4. Nc3 Bb4 5. cxd5 exd5 6. Bf4 Ne4 7. Rc1 Nc6 8. e3
g5 9. Bg3 h5 10. h4 Nxg3 11. fxg3 g4 12. Nd2 Bd6 13. Ne2 Ne7 14. Nf4 c6 15. Bd3
Bf5 16. Qc2 Qd7 17. O-O Bxd3 18. Qxd3 O-O-O 19. b4 Kb8 20. Rb1 Nf5 21. b5 Nxg3
22. bxc6 Qxc6 23. Rfc1 Qa4 24. Nxd5 f5 25. Nc3 Qd7 26. Nc4 Bc7 27. Nb5 Rc8 28.
Nxa7 Rh6 29. Nxc8 Qxc8 30. Na5 b6 31. Nc6+ Kb7 32. Nb4 Qa8 33. Qc4 Qd8 34. Qa6+
Kb8 35. Nc6+ Rxc6 36. Rxc6 1-0

[Event "PRO League Group Stage"]
[Site "chess.com INT"]
[Date "2020.02.17"]
[Round "7"]
[White "Nihal, Sarin"]
[Black "Sargsyan, Shant"]
[Result "1/2-1/2"]
[WhiteTitle "GM"]
[BlackTitle "GM"]
[WhiteElo "2618"]
[BlackElo "2601"]
[WhiteTeam "India Yogis"]
[BlackTeam "Armenia Eagles"]
[WhiteFideId "25092340"]
[BlackFideId "13306766"]
[EventDate "2020.01.06"]

1. d4 Nf6 2. Bf4 d5 3. e3 e6 4. Nd2 Bd6 5. Bg3 O-O 6. Ngf3 c5 7. c3 Qc7 8. dxc5
Qxc5 9. Bd3 Nbd7 10. e4 Qc7 11. Qe2 dxe4 12. Nxe4 Nxe4 13. Bxe4 e5 14. O-O-O Nf6
15. Bc2 Bg4 16. Bh4 Bxf3 17. gxf3 Be7 18. Rhe1 Rad8 19. Rxd8 Rxd8 20. Bg3 Bd6
21. Bh4 Be7 22. Qxe5 Qxe5 23. Rxe5 Bd6 24. Bxf6 gxf6 25. Rh5 h6 26. Rh4 Kg7 27.
Be4 b6 28. Kc2 Bc5 29. Rg4+ Kf8 30. Rg2 Bd6 31. h3 h5 32. a4 Bf4 33. Bd3 Rd5 34.
h4 a5 35. Rg1 f5 36. Re1 Bc7 37. Rd1 Bd8 38. Rg1 f4 39. Rh1 Re5 40. Be4 Be7 41.
Rh2 f5 42. Bd3 Kf7 43. Rh1 Bc5 44. Rf1 Kf6 45. Kb3 Rd5 46. Kc2 Re5 47. Kb3 Rd5
48. Kc4 Rd8 49. Rg1 Bxf2 50. Rg5 Rc8+ 51. Kb3 Rd8 52. Rxf5+ Ke6 53. Be4 Bxh4 54.
Rxh5 Bf2 55. Kc4 Be3 56. Kb5 Rd2 57. b4 axb4 58. cxb4 Rb2 59. Rd5 Kf6 60. Rd3
Ke5 61. Rd5+ Ke6 62. Kc4 Rd2 63. Rh5 Rb2 64. a5 bxa5 65. bxa5 Ra2 66. Kb5 Rb2+
67. Ka4 Kd6 68. a6 Ra2+ 69. Kb5 Rb2+ 70. Kc4 Ra2 71. Bb7 Kc7 72. Rh7+ Kb6 73.
Rh6+ Ka7 74. Kb5 Rb2+ 75. Kc4 Rc2+ 76. Kd3 Rc7 77. Rh8 Rd7+ 78. Ke4 Kb6 79. Rf8
Rd4+ 80. Ke5 Ra4 81. Rf7 Rb4 82. Bc8 Rb5+ 83. Ke4 Rb4+ 84. Kf5 Rb5+ 85. Kg4 Rc5
86. Bb7 Ra5 87. Rf6+ Ka7 88. Re6 Ra3 89. Bc8 Ra5 90. Re7+ Kb6 91. Re4 Ka7 92.
Bb7 Rc5 93. Rxf4 Bxf4 94. Kxf4 Kb6 95. Ke4 Ra5 96. f4 Kc7 97. f5 Kd6 98. Kf4 Ke7
99. Kg5 Kf7 100. Bc8 Kg7 101. Bb7 Kf7 102. Bc8 Kg7 103. Bb7 1/2-1/2

[Event "PRO League Group Stage"]
[Site "chess.com INT"]
[Date "2020.02.17"]
[Round "7"]
[White "Gupta, Abhijeet"]
[Black "Sadhwani, Raunak"]
[Result "1/2-1/2"]
[WhiteTitle "GM"]
[BlackTitle "IM"]
[WhiteElo "2603"]
[BlackElo "2522"]
[WhiteTeam "India Yogis"]
[BlackTeam "Armenia Eagles"]
[WhiteFideId "5010608"]
[BlackFideId "35093487"]
[EventDate "2020.01.06"]

1. d4 d5 2. c4 c6 3. Nc3 Nf6 4. Nf3 dxc4 5. e4 b5 6. Be2 e6 7. O-O Bb7 8. a4 a6
9. b3 b4 10. e5 Nd5 11. Ne4 c3 12. a5 Nd7 13. Bc4 c5 14. Nfg5 cxd4 15. Nxf7 Kxf7
16. Ng5+ Ke7 17. Qxd4 h6 18. Re1 Rc8 19. Qh4 hxg5 20. Qxh8 Kf7 21. Qh5+ g6 22.
Qf3+ Kg7 23. Qg4 Qe8 24. Bxg5 Be7 25. Rad1 Bxg5 26. Qxg5 Qf7 27. Rd4 Rf8 28. f3
Qf5 29. Qg3 Nc5 30. Qf2 Nd7 31. Bd3 Qg5 32. h4 Qh5 33. Qg3 Rf5 34. Rg4 Nc5 35.
Bxf5 Qxf5 36. Rg5 Qf7 37. h5 Ne7 38. Rd1 Bd5 39. Rg4 Nxb3 40. hxg6 Nxg6 41. Qf2
Qf5 42. Rxb4 c2 43. Rf1 Qd3 44. Rg4 Qxf1+ 45. Qxf1 c1=Q 46. Qxc1 Nxc1 47. Rb4
Nb3 48. Rb6 Nxa5 49. Rxa6 Nc4 50. Kf2 Ncxe5 51. Ra7+ Kf6 52. Ra5 Nd3+ 53. Ke3
Nde5 54. Ra1 Nc4+ 55. Kf2 Nf4 56. Rh1 Ne5 57. Rh6+ Kg7 58. Rh4 Nfg6 59. Ra4 Kf6
60. Ra1 Nf4 61. Ra3 Kf5 62. Ra5 Nfg6 63. Ra4 Kf6 64. Ra5 Bc6 65. Ra3 Nf4 66. Kg3
Neg6 67. Ra6 Bd5 68. Ra4 e5 69. Ra6+ Be6 70. Kf2 Nd3+ 71. Ke3 Ndf4 72. Kf2 Nd5
73. Ra5 Ngf4 74. Ra3 Bf5 75. Ra6+ Kg5 76. Ra5 Nd3+ 77. Kg3 Ne3 78. Kh2 Nf1+ 79.
Kg1 Ng3 80. Kh2 Kf4 81. Ra4+ e4 82. fxe4 Nxe4 83. Ra3 Ne5 84. Ra5 Ng4+ 85. Kg1
Be6 86. Ra6 Bc4 87. Ra4 Bd3 88. Ra3 Be2 89. Rf3+ Kg5 90. Ra3 Kf5 91. Rf3+ Ke5
92. Ra3 Kd4 93. Ra4+ Ke3 94. Ra3+ Bd3 95. Rb3 Kd2 96. Ra3 Ke2 97. Ra2+ Nd2 98.
Ra3 Be4 99. Ra4 Ne3 100. Rd4 Bd3 101. Kh2 Ndf1+ 102. Kh3 Bf5+ 103. g4 Nxg4 104.
Rf4 Nf2+ 105. Kh4 Bd3 106. Rd4 Bc2 107. Rc4 Bd1 108. Rc1 Ne3 1/2-1/2

[Event "PRO League Group Stage"]
[Site "chess.com INT"]
[Date "2020.02.17"]
[Round "7"]
[White "Chadaev, Nikolai"]
[Black "Movsesian, Sergei"]
[Result "1/2-1/2"]
[WhiteTitle "GM"]
[BlackTitle "GM"]
[WhiteElo "2591"]
[BlackElo "2641"]
[WhiteTeam "Russia Wizards"]
[BlackTeam "Israel Counsellors"]
[WhiteFideId "4167392"]
[BlackFideId "310204"]
[EventDate "2020.01.06"]

1. d4 Nf6 2. Nf3 g6 3. g3 Bg7 4. Bg2 O-O 5. O-O d6 6. b3 a5 7. a4 c6 8. Bb2 Na6
9. Re1 Bf5 10. Nh4 Be6 11. e4 Qc8 12. Nf3 Bh3 13. Nbd2 Nb4 14. Nc4 Bxg2 15. Kxg2
Qc7 16. c3 Na6 17. Ncd2 e5 18. dxe5 dxe5 19. Nc4 Rad8 20. Qc2 Nh5 21. Red1 Rfe8
22. Rxd8 Rxd8 23. Rd1 Rxd1 24. Qxd1 Nc5 25. Qc2 Ne6 26. b4 axb4 27. cxb4 Nd4 28.
Bxd4 exd4 29. e5 b5 30. Na5 d3 31. Qxd3 bxa4 32. Qa3 c5 33. Qxa4 cxb4 34. Qb5
Bf8 35. Nc6 Qd7 36. h3 Ng7 37. Ncd4 Qxb5 38. Nxb5 Ne6 39. Nbd4 Nxd4 40. Nxd4 Bc5
41. Nb3 Bb6 42. f4 Kf8 43. Kf3 Ke7 44. Ke4 Ke6 45. g4 f5+ 46. exf6 Kxf6 47. Kd5
Bc7 48. Ke4 h6 49. Ke3 g5 50. fxg5+ hxg5 51. Kd4 Bd6 52. Kd5 Bf8 53. Nd4 1/2-1/2

[Event "PRO League Group Stage"]
[Site "chess.com INT"]
[Date "2020.02.17"]
[Round "7"]
[White "Savchenko, Boris"]
[Black "Erenburg, Sergey"]
[Result "1-0"]
[WhiteTitle "GM"]
[BlackTitle "GM"]
[WhiteElo "2573"]
[BlackElo "2559"]
[WhiteTeam "Russia Wizards"]
[BlackTeam "Israel Counsellors"]
[WhiteFideId "4147332"]
[BlackFideId "2805642"]
[EventDate "2020.01.06"]

1. e4 c6 2. Nc3 d5 3. Nf3 Bg4 4. h3 Bxf3 5. Qxf3 Nf6 6. Be2 e6 7. O-O Bc5 8. d3
O-O 9. Qg3 Bd4 10. Bh6 Ne8 11. Be3 Bxe3 12. fxe3 d4 13. exd4 Qxd4+ 14. Kh1 c5
15. Rae1 Nc6 16. Nd1 Qd6 17. Qf2 Qd4 18. Qg3 Qd6 19. Qf2 Nd4 20. Bh5 g6 21. c3
Nc6 22. Be2 f5 23. exf5 exf5 24. Ne3 Nf6 25. Nc4 Qd5 26. Bf3 Qxd3 27. Qxc5 Ne4
28. Bxe4 fxe4 29. Ne3 Rad8 30. Rd1 Qe2 31. Kh2 Rxf1 32. Rxf1 Qxb2 33. Ng4 Qd2
34. Qc4+ Kh8 35. Qxe4 Qd6+ 36. Kh1 Rf8 37. Rb1 Rf7 38. Qe3 Qe7 39. Qd3 Kg7 40.
Qd2 Qe4 41. Rxb7 Rxb7 42. Qh6+ Kf7 43. Qxh7+ Ke6 44. Qxb7 Qe1+ 45. Kh2 Qxc3 46.
Qc8+ Kf7 47. Qxc6 Qxc6 48. Ne5+ 1-0